<?xml version="1.0" encoding="UTF-8"?>
<record
    xmlns:xsi="http://www.w3.org/2001/XMLSchema-instance"
    xsi:schemaLocation="http://www.loc.gov/MARC21/slim http://www.loc.gov/standards/marcxml/schema/MARC21slim.xsd"
    xmlns="http://www.loc.gov/MARC21/slim">

  <leader>00695nam a22002417a 4500</leader>
  <controlfield tag="001">BINCO</controlfield>
  <controlfield tag="003">CO-MdBIC</controlfield>
  <controlfield tag="005">20220422104943.0</controlfield>
  <controlfield tag="008">220422b2004    si a|||| |||| 00| 0 spa d</controlfield>
  <datafield tag="020" ind1=" " ind2=" ">
    <subfield code="a">8488342527</subfield>
  </datafield>
  <datafield tag="040" ind1=" " ind2=" ">
    <subfield code="a"> CO-MdBIC</subfield>
    <subfield code="b">spa.</subfield>
    <subfield code="c">CO-MdBIC</subfield>
    <subfield code="d"> CO-MdBIC</subfield>
  </datafield>
  <datafield tag="041" ind1=" " ind2=" ">
    <subfield code="a">spa</subfield>
  </datafield>
  <datafield tag="082" ind1=" " ind2=" ">
    <subfield code="2">22</subfield>
    <subfield code="a">863</subfield>
    <subfield code="b">AI291</subfield>
  </datafield>
  <datafield tag="100" ind1=" " ind2=" ">
    <subfield code="a">A&#xED;ken, Joan, </subfield>
    <subfield code="d">1924-2004</subfield>
  </datafield>
  <datafield tag="245" ind1=" " ind2=" ">
    <subfield code="a">El Peque&#xF1;o drag&#xF3;n</subfield>
    <subfield code="c">/A&#xED;ken, Joan, escritor</subfield>
    <subfield code="f">1924-2004</subfield>
  </datafield>
  <datafield tag="260" ind1="1" ind2=" ">
    <subfield code="a">Singapur:</subfield>
    <subfield code="b">K&#xF3;ninos,</subfield>
    <subfield code="c">[2004]</subfield>
  </datafield>
  <datafield tag="260" ind1="4" ind2=" ">
    <subfield code="a">&#xA9; 2004</subfield>
  </datafield>
  <datafield tag="300" ind1=" " ind2=" ">
    <subfield code="a">28 paginas;</subfield>
    <subfield code="b">ilustraciones a color:</subfield>
    <subfield code="c">27 cm.</subfield>
  </datafield>
  <datafield tag="650" ind1=" " ind2="7">
    <subfield code="9">100</subfield>
    <subfield code="a">Educaci&#xF3;n infantil</subfield>
  </datafield>
  <datafield tag="700" ind1=" " ind2=" ">
    <subfield code="a">Bee Willey </subfield>
    <subfield code="e">ilustrador</subfield>
  </datafield>
  <datafield tag="700" ind1=" " ind2=" ">
    <subfield code="a">Esther Rubio</subfield>
    <subfield code="e">traductora</subfield>
  </datafield>
  <datafield tag="942" ind1=" " ind2=" ">
    <subfield code="c">LGB</subfield>
  </datafield>
  <datafield tag="952" ind1=" " ind2=" ">
    <subfield code="0">0</subfield>
    <subfield code="1">0</subfield>
    <subfield code="2">ddc</subfield>
    <subfield code="4">0</subfield>
    <subfield code="7">0</subfield>
    <subfield code="a">BINCO</subfield>
    <subfield code="b">BINCO</subfield>
    <subfield code="d">2022-04-22</subfield>
    <subfield code="l">0</subfield>
    <subfield code="o">863 AI291</subfield>
    <subfield code="p">B32203</subfield>
    <subfield code="r">2022-04-22 00:00:00</subfield>
    <subfield code="t">ej.1</subfield>
    <subfield code="w">2022-04-22</subfield>
    <subfield code="y">LGB</subfield>
  </datafield>
  <datafield tag="999" ind1=" " ind2=" ">
    <subfield code="c">67768</subfield>
    <subfield code="d">67768</subfield>
  </datafield>
</record>
